| 000 | 00500nam a2200169Ia 4500 | ||
|---|---|---|---|
| 008 | 140609s9999 xx 000 0 und d | ||
| 020 | _a9789381460221 | ||
| 050 |
_aTX 911.3.M27 _b.Sh86 2012 |
||
| 100 | _aShrivastava, Atul. | ||
| 245 |
_aHospitality asset management / _cAtul Shrivastava |
||
| 260 |
_aNew Delhi : _bCentrum Press, _cc2012. |
||
| 300 |
_a256 p. ; _c23 cm. |
||
| 500 | _aIncludes bibliographical references and index. | ||
| 521 | _aBSBA | ||
| 942 |
_kFOR _cBK |
||
| 999 |
_c118224 _d118224 |
||